000 00543nam a2200181Ia 4500
008 090124s9999 xx 000 0 und d
082 _b119968
100 _aराऊत दा.गो.
245 _a अन् कायमची मी फसले
250 _a1
260 _c1979
300 _a120
600 _aराऊत दा.गो.
630 _a अन् कायमची मी फसले
700 _aराऊत दा.गो.
730 _a अन् कायमची मी फसले
942 _cBOOK
999 _c166054
_d166054